Logikamente : libros de matemática a medida :

Guardado en:
Autor Principal: Pisano, Juan Pablo
Formato: Libro
Publicado: Buenos Aires : Logikamente, 2006
Edición:2a. ed.
Series:Logikamente
Materias:
Etiquetas: Agregar Etiqueta
Sin Etiquetas, Sea el primero en etiquetar este registro!
LEADER 01087nam a22002415a 4500
001 CEM.cems012350
005 20061124145015.0
008 130507s2006##################000#0#####d
003 CEMS
020 |a 9872198500 
082 0 4 |a 510 
100 1 |a Pisano, Juan Pablo 
245 1 0 |a Logikamente :  |b libros de matemática a medida :  |c Juan Pablo Pisano 
250 |a 2a. ed. 
260 |a Buenos Aires :  |b Logikamente,  |c 2006 
300 |a 100 p. 
490 0 |a Logikamente 
505 0 |a SIMELA -- Pitágoras -- Perímetro -- Area de figuras en el plano -- Olimpiadas I -- Volumen -- Cuerpos -- Sistema sexagesimal -- Angulos -- Teorema de Thales -- Proporcionalidad numérica -- Olimpiadas II -- Triángulos I -- Pitágoras -- Triángulos II -- Cuadriláteros -- Polígonos regulares -- Expresiones algebraicas básicas -- Estadística nivel I -- Estadística nivel II 
653 |a Matemática 
653 |a Geometría 
653 |a Estadística 
859 |a CEMS  |b BIB. CEMS - 11 de abril  |h 510  |i P672  |p 23625.06  |t Ej.1  |v II  |3 II 
859 |a CEMS  |b BIB. CEMS - 11 de abril  |h 510  |i P672  |p 23930.07  |t Ej.2  |v II  |3 II